| 000 | 00631nam a22001937a 4500 | ||
|---|---|---|---|
| 999 |
_c172018 _d172018 |
||
| 005 | 20200124160415.0 | ||
| 010 | _aUR-10681 | ||
| 020 |
_c175.00 _a- |
||
| 035 | _aU-9236 | ||
| 037 |
_bDBAD/PUB _a- |
||
| 082 | _a841 | ||
| 100 | _aا ے- ڈ ی- ر ا ہی | ||
| 245 |
_aمنز ليں د و ر کہا ں _cا ے- ڈ ی- ر ا ہی |
||
| 246 |
_bManzilen Door Kahaan(Poetry) (Urdu) _aby A.D.Rahi |
||
| 260 |
_aRajisthan _bRajisthan Urdu Academy _c2001 ء |
||
| 270 |
_aJ-15,Jhalana Instituteional Area, _bJaipur _e302004 _k01412709771 _l- |
||
| 300 |
_a112 ص _c22 Cm(Hb) |
||
| 942 |
_2ddc _cUR _h841 _mر ا ہ |
||